Statistiques concernant Les grandes villes françaises en image

Cliquez ici pour prendre le quiz!

Statistiques générales

  • Ce quiz a été pris 129 fois
  • Le résultat moyen est 10 sur 12

Statistiques - réponses

Réponse% Correct
Marseille
100%
Paris
100%
Nice
96%
Bordeaux
95%
Lyon
95%
Strasbourg
94%
Toulouse
93%
Lille
91%
Grenoble
76%
Reims
76%
Montpellier
71%
Le Havre
40%

Distribution des résultats

Percentile par nombre de réponses

% des personnes avec chaque résultat

Votre développement - résultats

Vous n’avez pas pris ce quiz